01117cam a22001697a 4500020002200000020002200022040000800044082002900052245011000081260007900191300004500270490003500315520049900350650001400849700002300863710006100886 a925104919X (v. 1) a9251050325 (v. 2) cFQG00a639 FOO 2003 A091 Or.a.00aManagement, co-management, or no management? :bmajor dilemmas in southern African freshwater fisheries / aRome :bFood and Agriculture Organization of the United Nations,c[